| 000 | 01009nam a2200277 i 4500 | ||
|---|---|---|---|
| 001 | bg | ||
| 100 | 1 | _aMarek, Wojciech. | |
| 245 | 1 | 0 |
_aStudium dawkowania paliwa w interaktywnym systemie zasilania silnika spalinowego o zapłonie iskrowym / _cWojciech Marek. |
| 260 |
_aKraków : _bWydawnictwo PK, _c2007. |
||
| 300 |
_a113 s. : _bil. ; _c25 cm. |
||
| 490 | 1 | _aMonografia / Politechnika Krakowska im. Tadeusza Kościuszki. Mechanika | |
| 500 | _aISSN i nr serii gł. : 0860-097X ; nr 351. | ||
| 504 | _aBibliogr. s. 104-110. | ||
| 546 | _aStreszcz. ang., niem. | ||
| 650 | 9 | _aUkład paliwowo-wtryskowy | |
| 830 | 0 |
_aMonografia - Politechnika Krakowska im. Tadeusza Kościuszki. _pMechanika |
|
| 830 | 0 |
_aMonografia - Politechnika Krakowska im. Tadeusza Kościuszki _x0860-097X _v334 |
|
| 015 | _aPB 14164/2008 | ||
| 022 | _a0860097X | ||
| 040 | _cBPK | ||
| 041 | 0 |
_apol _beng _bger |
|
| 044 | _aPOL | ||
| 080 | _a621.432:665.73/.75 | ||
| 942 | _cKS | ||
| 008 | 080602s2007 pl a |000 0 pol | ||
| 999 |
_c55038 _d55038 |
||
| 856 |
_uhttp://koha.tu.koszalin.pl/cgi-bin/koha/opac-detail.pl?biblionumber=55038 _yKatalog online BPK |
||